[Event "Napoli Antica Scuola 2nd"]
[Site "Napoli"]
[Date "2014.03.27"]
[Round "4"]
[White "Esposito, Rosario"]
[Black "Russo Spena, Vincenzo"]
[Result "1-0"]
[WhiteElo "1832"]
[BlackElo "1493"]
[PlyCount "61"]
[EventDate "2014.03.06"]
[EventType "swiss"]
[EventRounds "7"]
[EventCountry "ITA"]
[SourceTitle "EXT 2015"]
[Source "ChessBase"]
[SourceDate "2014.11.20"]
[SourceVersion "1"]
[SourceVersionDate "2014.11.20"]
[SourceQuality "1"]

1. d4 c5 2. d5 Nf6 3. c4 g6 4. Nc3 Bg7 5. e4 d6 6. f3 0-0 7. Be3 a6 8. Qd2 Nbd7 9. Nh3 Ne5 10. Nf2 e6 11. Be2 Rb8 12. f4 Ned7 13. dxe6 fxe6 14. Qxd6 Nb6 15. Qxd8 Rxd8 16. e5 Nfd7 17. Nfe4 Bf8 18. 0-0-0 Na8 19. Bxc5 b6 20. Bxf8 Rxf8 21. g3 Rb7 22. Nd6 Rc7 23. Bf3 Ra7 24. Bxa8 Rxa8 25. Nxc8 Raxc8 26. Rxd7 Rxc4 27. Kb1 Rc6 28. Rhd1 b5 29. Ne4 Rf7 30. Rxf7 Rc4 31. Rd8+ 1-0

[Event "W-ch Disabled"]
[Site "Dresden"]
[Date "2013.10.23"]
[Round "2"]
[White "Russo Spena, Vincenzo"]
[Black "Rudolf, Theo"]
[Result "0-1"]
[WhiteElo "1486"]
[BlackElo "1931"]
[PlyCount "72"]
[EventDate "2013.10.22"]
[EventType "swiss"]
[EventRounds "7"]
[EventCountry "GER"]
[SourceTitle "CBM 157 Extra"]
[Source "ChessBase"]
[SourceDate "2013.12.19"]
[SourceVersion "1"]
[SourceVersionDate "2013.12.19"]
[SourceQuality "1"]

1. d4 d5 2. Nc3 Nf6 3. Bf4 a6 4. h4 Bf5 5. e3 h6 6. Bd3 Bxd3 7. Qxd3 e6 8. Nf3 Bd6 9. Bxd6 Qxd6 10. Ne5 c5 11. 0-0-0 Nc6 12. Nxc6 Qxc6 13. dxc5 Qxc5 14. Na4 Qa5 15. Qa3 Ne4 16. b4 Qc7 17. Rhf1 0-0 18. Kb2 Rfc8 19. c3 b5 20. Nc5 Nxc5 21. bxc5 Qxc5 22. Qxc5 Rxc5 23. a3 Rc4 24. g3 Rac8 25. Rc1 Kf8 26. f3 Ke7 27. Rfd1 R8c5 28. Rd2 a5 29. Rdc2 e5 30. Kb3 Ke6 31. Kb2 d4 32. Kb3 Rxc3+ 33. Kb2 Rxc2+ 34. Rxc2 Rxc2+ 35. Kxc2 Kd5 36. Kd3 dxe3 0-1

[Event "Napoli Province-ch"]
[Site "Napoli"]
[Date "2012.11.29"]
[Round "2"]
[White "Russo Spena, Vincenzo"]
[Black "Angelotti, Mario"]
[Result "0-1"]
[WhiteElo "1485"]
[BlackElo "1757"]
[PlyCount "54"]
[EventDate "2012.11.22"]
[EventType "swiss"]
[EventRounds "7"]
[EventCountry "ITA"]
[SourceTitle "EXT 2014"]
[Source "ChessBase"]
[SourceDate "2013.11.20"]
[SourceVersion "1"]
[SourceVersionDate "2013.11.20"]
[SourceQuality "1"]

1. Nf3 Nf6 2. c4 b6 3. d4 Bb7 4. Nc3 e6 5. a3 Be7 6. e3 a6 7. b4 d6 8. Be2 Nbd7 9. Bb2 0-0 10. 0-0 c5 11. b5 Rc8 12. a4 cxd4 13. exd4 a5 14. Qc2 Bxf3 15. gxf3 d5 16. cxd5 Nxd5 17. Bd3 N7f6 18. Qd2 Bb4 19. Rac1 Qd6 20. Rfe1 Nf4 21. Qe3 Bxc3 22. Bxc3 N6d5 23. Qe4 f5 24. Qe5 Qxe5 25. Rxe5 Nxd3 26. Rxd5 Nxc1 27. Rd6 Ne2+ 0-1

[Event "Napoli Vomero Christmas 6th"]
[Site "Napoli"]
[Date "2010.11.12"]
[Round "2"]
[White "Russo Spena, Vincenzo"]
[Black "Caiazzo, Diego"]
[Result "0-1"]
[WhiteElo "1397"]
[BlackElo "1870"]
[PlyCount "92"]
[EventDate "2010.11.05"]
[EventType "swiss"]
[EventRounds "6"]
[EventCountry "ITA"]
[SourceTitle "EXT 2024"]
[Source "ChessBase"]
[SourceDate "2023.10.10"]
[SourceVersion "1"]
[SourceVersionDate "2023.10.10"]
[SourceQuality "1"]

1. e4 e6 2. Nc3 d5 3. exd5 exd5 4. d4 Nf6 5. Nf3 Be7 6. Be3 Nbd7 7. Bf4 c6 8. h3 Qa5 9. Bd2 Qc7 10. Qc1 Bd6 11. Nd1 0-0 12. Ne3 Nb6 13. c4 Nxc4 14. Bxc4 dxc4 15. Nxc4 Re8+ 16. Ne3 Nd5 17. 0-0 Nf4 18. Qd1 Be6 19. Bc3 Nd5 20. Nc4 Nxc3 21. bxc3 Bxc4 22. Re1 Qd7 23. Ne5 Bxe5 24. dxe5 Qxd1 25. Raxd1 Rad8 26. Ra1 Rd2 27. a4 Red8 28. Rab1 b5 29. axb5 cxb5 30. Ra1 Ra2 31. Rad1 Rdd2 32. Rxd2 Rxd2 33. Ra1 Rd7 34. f4 Kf8 35. f5 Ke7 36. g4 Bb3 37. Kf2 Bc4 38. Re1 Bb3 39. Rb1 Bc4 40. g5 a5 41. h4 a4 42. h5 Rd2+ 43. Kg3 Bd3 44. Kf4 Bxb1 45. h6 gxh6 46. g6 hxg6 0-1